LEADER 00950nam0 22002531i 450 001 RML0236333 005 20231121125702.0 100 $a20121121d1985 ||||0itac50 ba 101 | $aita 102 $ait 181 1$6z01$ai $bxxxe 182 1$6z01$an 200 1 $a˜A œmassimo rendimento$euno dei migliori top manager insegna come gestire e come aumentare la produttivitą in modo eccezionale$fAndrew S. Grove 210 $aMilano $cSperling & Kupfer $d1985 215 $a259 p.$ctav.$d22 cm 700 1$aGROVE$b, Andrew S.$3RMLV150797$0130527 801 3$aIT$bIT-01$c20121121 850 $aIT-FR0098 899 $aBiblioteca Area Giuridico Economica$bFR0098 912 $aRML0236333 950 0$aBiblioteca Area Giuridico Economica$d 53IMP 658/ E M 10$e 53VM 0000049655 VM barcode:0004269VM$fA $h19940311$i20121204 977 $a 53 996 $aMassimo rendimento$93619398 997 $aUNICAS